00371nam a2200121Ia 4500003000400000005001700004008004100021040001800062041000800080100005300088245007300141260003500214OSt20260124115012.0211028s2017 xx 000 0 und d cAIMIT LIBRARY aeng aRodrigues, Libson Brian; Dhananjaya, K.g1516076 aStress management a study reference to new Mangalore port Panambur / aMangalorebDhananjaya K.c2017